Gerardo Diego en ABC : (Record no. 181084)

MARC details
000 -LEADER
campo de control de longitud fija 00955nam a2200277 i 4500
001 - NÚMERO DE CONTROL
campo de control 181084
003 - IDENTIFICADOR DE NÚMERO DE CONTROL
campo de control ES-MaACL
005 - FECHA Y HORA DE LA ÚLTIMA TRANSACCIÓN
campo de control 20240411094019.0
008 - DATOS DE LONGITUD FIJA--INFORMACIÓN GENERAL
campo de control de longitud fija 121016s2011 sp a | |||||||| | spa d
020 ## - NÚMERO INTERNACIONAL ESTÁNDAR DEL LIBRO
Número Internacional Estándar del Libro 978-84-615-2499-0
080 ## - NÚMERO DE LA CLASIFICACIÓN DECIMAL UNIVERSAL
Número de la Clasificación Decimal Universal 821.134.2-92"19"
080 ## - NÚMERO DE LA CLASIFICACIÓN DECIMAL UNIVERSAL
Número de la Clasificación Decimal Universal 929 Diego, Gerardo (047.53)
100 1# - ENTRADA PRINCIPAL--NOMBRE DE PERSONA
Nombre de persona Diego, Gerardo,
Fechas asociadas al nombre 1896-1987
9 (RLIN) 44545
245 10 - MENCIÓN DEL TÍTULO
Título Gerardo Diego en ABC :
Resto del título artículos y entrevistas (1946-1986) /
Mención de responsabilidad, etc. edición de Rafael Inglada.
250 ## - MENCION DE EDICION
Mención de edición 1ª ed.
260 ## - PUBLICACIÓN, DISTRIBUCIÓN, ETC.
Lugar de publicación, distribución, etc. [Santander] :
Nombre del editor, distribuidor, etc. Fundación Gerardo Diego ;
Lugar de publicación, distribución, etc. [Madrid] :
Nombre del editor, distribuidor, etc. ABC,
Fecha de publicación, distribución, etc. 2011.
300 ## - DESCRIPCIÓN FÍSICA
Extensión 858 p. :
Otras características físicas il. ;
Dimensiones 24 cm.
490 1# - MENCIÓN DE SERIE
Mención de serie Bodega y azotea ;
Designación de volumen o secuencia 3
500 ## - NOTA GENERAL
Nota general Índices.
600 14 - PUNTO DE ACCESO ADICIONAL DE MATERIA--NOMBRE DE PERSONA
Nombre de persona Diego, Gerardo,
Fechas asociadas al nombre 1896-1987
9 (RLIN) 44545
700 0# - ENTRADA AGREGADA--NOMBRE PERSONAL
Nombre de persona Inglada, Rafael,
Fechas asociadas al nombre 1963-
9 (RLIN) 65293
830 0# - PUNTO DE ACCESO ADICIONAL DE SERIE-TÍTULO UNIFORME
Título uniforme Bodega y azotea ;
Designación de volumen o secuencia 3
9 (RLIN) 224688
852 ## - LOCALIZACIÓN
Ubicación ES-MaACL
Número de control de estantería A-12293
itemnumber 187967
Sublocalización o colección R.148281
Ubicación en estantería Depósito 1
Signatura antigua Olim: N-5298
942 ## - ELEMENTOS DE ENTRADA SECUNDARIOS (KOHA)
Fuente del sistema de clasificación o colocación Clasificación decimal universal
Tipo de ítem Koha Libro impreso
Holdings
Estatus retirado Estado de pérdida Fuente del sistema de clasificación o colocación Estado de daño No para préstamo Biblioteca de origen Biblioteca actual Ubicación en estantería Fecha de adquisición Fuente de adquisición Total de préstamos Signatura topográfica completa Código de barras Visto por última vez Precio de reemplazo Tipo de ítem Koha
    Clasificación decimal universal     Biblioteca del Ateneo de Madrid Biblioteca del Ateneo de Madrid Depósito 1 16/10/2012 Donación   A-12293 1190295 23/02/2023 23/02/2023 Libro impreso